| 000 | 00806nam a2200277 a 4500 | ||
|---|---|---|---|
| 003 | AR-BaBNM | ||
| 005 | 20251128203730.0 | ||
| 008 | 082120s2002 ||||||||||||||000 | spa|| | ||
| 040 | _cAR-BaBNM | ||
| 100 | 1 | _aLlanes, Ricardo M. | |
| 245 | 0 | 0 |
_aTeatros en Buenos Aires _breferencias históricas |
| 260 |
_aBuenos Aires _bMunicipalidad de la Ciudad de Buenos Aires _c1968 |
||
| 300 |
_a74 p. _bláms. |
||
| 490 | 0 |
_aCuadernos de Buenos Aires _vv. 28 |
|
| 650 | 4 | _aHISTORIA ARGENTINA | |
| 650 | 4 | _aCOSTUMBRES Y TRADICIONES | |
| 650 | 4 | _aHISTORIA DE BUENOS AIRES | |
| 650 | 4 | _aHISTORIA DE LA ARQUITECTURA | |
| 650 | 4 | _aMONUMENTOS HISTORICOS | |
| 650 | 4 | _aEDIFICIOS | |
| 650 | 4 | _aARQUITECTURA | |
| 650 | 4 | _aBARRIOS | |
| 651 | 4 | _aBuenos Aires [Capital Federal] | |
| 942 | _cBK | ||
| 998 | _cMARTIN | ||
| 999 |
_c4696 _d4696 |
||